|
|
|
|
| LEADER |
00606nam a2200181Ia 4500 |
| 001 |
152780 |
| 008 |
170722s9999 xx 000 0 und d |
| 020 |
|
|
|a 0521860595
|
| 100 |
|
|
|a Becker, Katrin Etc
|
| 245 |
|
|
|a String theory and M-theory
|b A modern introduction /
|
| 260 |
|
|
|a New York :
|b Cambridge University Press ,
|c 2007.
|
| 300 |
|
|
|a Ppxvi+739
|
| 653 |
|
|
|a M-theory
|
| 653 |
|
|
|a String Theory
|
| 923 |
|
|
|d 20070818
|n MBC-1061/0
|
| 942 |
|
|
|c GEN
|
| 999 |
|
|
|c 135608
|d 135608
|
| 952 |
|
|
|0 0
|1 0
|4 0
|6 CN_P71
|7 0
|9 191314
|a LIB
|b LIB
|d 2013-03-25
|e Modern Book Centre
|l 1
|o CN P71
|p 265434
|r 2018-11-18
|s 2018-09-29
|w 2017-08-12
|y GEN
|